| 000 | 00413nam a2200181Ia 4500 | ||
|---|---|---|---|
| 008 | 220531s9999 xx 000 0 und d | ||
| 041 | _aeng | ||
| 082 | _bSIN | ||
| 100 |
_aSingh, Yogendra _946631 |
||
| 245 | _aCulture Change In India | ||
| 250 | _a1ST | ||
| 260 |
_bRawat _c2004 |
||
| 300 | _a260 | ||
| 542 | _d03-07-2004 | ||
| 650 |
_aSociology _946632 |
||
| 906 | _d2004-2005 | ||
| 999 |
_c27431 _d27431 |
||